000 00679nac a22002051u 4500
010 _a 2006043413
020 _a0132289148
082 0 0 _a330
_bC3371
090 _c2419
_d2419
100 _aCase, Karl E.
245 1 0 _aPrinciples of economics /
_cKarl E. Case, Ray C. Fair.
250 _a8th ed.
260 _aUpper Saddle River, NJ :
_bPearson/Prentice Hall,2007
_c2007.
300 _a1v. (various pagings) :
_bcol. ill. ;
_c29 cm.
500 _aIncludes index.
650 0 _aEconomics.
700 1 _aFair, Ray C.
942 _cBB
_k330 C3371
999 _c2419
_d2419